000 00584nam a2200229Ia 4500
003 OSt
005 20220928140801.0
006 a|||||r|||| 00| 0
007 ta
008 220927b |||||||| |||| 00| 0 eng d
024 _a11852
037 _cTextual
040 _aSDCL
_cSDCL
_beng
041 _2eng
_aeng
082 _aO-,3M851:g, N0
100 _aRuthven K K
_9490499
245 0 _aEzra Pound as literary critic.
260 _c1990
650 _aPound Ezra-Poetry-Criticism
942 _hO-,3M851:g, N0
_cTEXL
_2CC
999 _c814270
_d814270